| 000 | 00390nam a2200145Ia 4500 | ||
|---|---|---|---|
| 008 | 150201s2006 xx 000 0 und d | ||
| 082 |
_a617.6342 _bP2006L |
||
| 100 | _aLUMLEY,PHILIP | ||
| 245 | _aPRACTICAL CLINICAL ENDODONTICS | ||
| 250 | _a1ST | ||
| 260 |
_bCHURCHILL LIVINGSTONE _aEDINBURGH _c2006 |
||
| 300 | _a1-110 | ||
| 650 | _aCONSERVATIVE DENTISTRY & ENDODONTICS | ||
| 942 |
_2ddc _cBK |
||
| 999 |
_c3722 _d3722 |
||